<?xml version="1.0" encoding="UTF-8"?>
<record
    xmlns:xsi="http://www.w3.org/2001/XMLSchema-instance"
    xsi:schemaLocation="http://www.loc.gov/MARC21/slim http://www.loc.gov/standards/marcxml/schema/MARC21slim.xsd"
    xmlns="http://www.loc.gov/MARC21/slim">

  <leader>00460nam a2200145Ia 4500</leader>
  <controlfield tag="001">IA_</controlfield>
  <controlfield tag="002">REDES SOCIALES Y DE VALOR DEL QUESO CREMA DE CHIAP</controlfield>
  <controlfield tag="008">220117s    xx            000 0 und d</controlfield>
  <datafield tag="010" ind1=" " ind2=" ">
    <subfield code="a">186041</subfield>
  </datafield>
  <datafield tag="700" ind1=" " ind2=" ">
    <subfield code="a">Altamirano C&#xE1;rdenas, Reyes, asesor</subfield>
    <subfield code="9">163772</subfield>
  </datafield>
  <datafield tag="700" ind1=" " ind2=" ">
    <subfield code="a">Mu&#xF1;oz Rodr&#xED;guez, Manrrubio, dir. </subfield>
    <subfield code="9">161051</subfield>
  </datafield>
  <datafield tag="700" ind1=" " ind2=" ">
    <subfield code="a">Villegas de Gante, Abraham, asesor </subfield>
    <subfield code="9">163715</subfield>
  </datafield>
  <datafield tag="942" ind1=" " ind2=" ">
    <subfield code="c">TESIS E57 2011</subfield>
  </datafield>
  <datafield tag="999" ind1=" " ind2=" ">
    <subfield code="c">186041</subfield>
    <subfield code="d">186041</subfield>
  </datafield>
</record>
